Żalandah storī, (Record no. 67310)
[ view plain ]
| 000 -LEADER | |
|---|---|
| fixed length control field | 00690cam a22002291 4500 |
| 001 - CONTROL NUMBER | |
| control field | sa 66000543 |
| 003 - CONTROL NUMBER IDENTIFIER | |
| control field | DLC |
| 005 - DATE AND TIME OF LATEST TRANSACTION | |
| control field | 20260227112215.0 |
| 008 - FIXED-LENGTH DATA ELEMENTS--GENERAL INFORMATION | |
| fixed length control field | 960912s1959 pk 000 0 pusr |
| 010 ## - LIBRARY OF CONGRESS CONTROL NUMBER | |
| LC control number | sa 66000543 |
| 025 ## - OVERSEAS ACQUISITION NUMBER | |
| Overseas acquisition number | PL480:P-Pushto-109 |
| 035 ## - SYSTEM CONTROL NUMBER | |
| System control number | (OCoLC)35527999 |
| 040 ## - CATALOGING SOURCE | |
| Original cataloging agency | DLC |
| Transcribing agency | CLU |
| Modifying agency | CLU |
| -- | DLC |
| 042 ## - AUTHENTICATION CODE | |
| Authentication code | premarc |
| 050 00 - LIBRARY OF CONGRESS CALL NUMBER | |
| Classification number | PK6820.S24 |
| Item number | Z2 |
| 100 0# - MAIN ENTRY--PERSONAL NAME | |
| Personal name | Sanāʻ al-Dīn Kākākhel. |
| 245 00 - TITLE STATEMENT | |
| Title | Żalandah storī, |
| Statement of responsibility, etc. | author and translator Sanʻ̄ūldīn Kākākhel. |
| 260 ## - PUBLICATION, DISTRIBUTION, ETC. | |
| Place of publication, distribution, etc. | Pishāwar, |
| Name of publisher, distributor, etc. | Pablạk Ārṭ Pres |
| Date of publication, distribution, etc. | [1959] |
| 300 ## - PHYSICAL DESCRIPTION | |
| Extent | 160 p. |
| Dimensions | 18 cm. |
| 500 ## - GENERAL NOTE | |
| General note | Binder's title: Żalandah stūray [by] Sanāuddīn Kākākhel. |
| 500 ## - GENERAL NOTE | |
| General note | Short stories. |
No items available.